Sciences humaines et humanité (notice n° 1592201)

détails MARC
000 -LEADER
fixed length control field 02261cam a2200169 4500500
005 - DATE AND TIME OF LATEST TRANSACTION
control field 20251228065857.0
041 ## - LANGUAGE CODE
Language code of text/sound track or separate title fre
042 ## - AUTHENTICATION CODE
Authentication code dc
100 10 - MAIN ENTRY--PERSONAL NAME
Personal name Lantz, Pierre
Relator term author
245 00 - TITLE STATEMENT
Title Sciences humaines et humanité
260 ## - PUBLICATION, DISTRIBUTION, ETC.
Date of publication, distribution, etc. 2011.<br/>
500 ## - GENERAL NOTE
General note 48
520 ## - SUMMARY, ETC.
Summary, etc. RésuméPendant un siècle, de Durkheim à Bourdieu, la sociologie française universitaire a tenté de mieux répondre que la philosophie aux problèmes des sociétés en se définissant comme une science. La segmentation de l’Université en disciplines autonomes a permis cette affirmation de la sociologie. Garantie par une méthode circonscrite, elle se voulait une science comme les autres. Mais cette indépendance de la sociologie était limitée puisque ses questions et leur traitement lui étaient suggérées par ses commanditaires ou par l’État. Plus elle se voulait libre de tout préjugé, plus elle oubliait sa dépendance de fait et sa limitation aux faits. Ne faudrait-il pas revenir au conseil de Husserl qui demandait aux « fonctionnaires de l’Humanité » de ne pas réduire leurs ambitions aux conditions de fait mais de se référer à nouveau à l’horizon de l’Humanité ?
520 ## - SUMMARY, ETC.
Summary, etc. Throughout a century, from Durkheim to Bourdieu, french sociology claimed to be a science and thus tried to better solve social problems whereas philosophy was considered as only able to put forward them. The self assertion of sociology was made easier as the University was more and more divided in autonomous fields. Granted by a defined methodology, sociology was supposed to be an ordinary science. But it was a restricted independence seeing that sponsors and the State proposed issues and acted upon the way to treat them. More sociologists boasted to be free, more they were oblivious of being in fact subordinate and limited by facts. Should we not return to the suggestion of Husserl who advised to « the civil servants of Humanity » to be enough ambitions to go beyond the actual facts and to anew refer to Humanity as their horizon ?
786 0# - DATA SOURCE ENTRY
Note L'Homme & la Société | 178 | 4 | 2011-06-01 | p. 139-158 | 0018-4306
856 41 - ELECTRONIC LOCATION AND ACCESS
Uniform Resource Identifier <a href="https://shs.cairn.info/revue-l-homme-et-la-societe-2010-4-page-139?lang=fr&redirect-ssocas=7080">https://shs.cairn.info/revue-l-homme-et-la-societe-2010-4-page-139?lang=fr&redirect-ssocas=7080</a>

Pas d'exemplaire disponible.

PLUDOC

PLUDOC est la plateforme unique et centralisée de gestion des bibliothèques physiques et numériques de Guinée administré par le CEDUST. Elle est la plus grande base de données de ressources documentaires pour les Étudiants, Enseignants chercheurs et Chercheurs de Guinée.

Adresse

627 919 101/664 919 101

25 boulevard du commerce
Kaloum, Conakry, Guinée

Réseaux sociaux

Powered by Netsen Group @ 2025